[Event "Europe Echecs Blitz May op"]
[Site "Europe Echecs INT"]
[Date "2021.05.09"]
[Round "5"]
[White "Smirnov, Pavel"]
[Black "Pietrasanta, Jeremy"]
[Result "1-0"]
[WhiteElo "2544"]
[BlackElo "2201"]
[PlyCount "45"]
[EventDate "2021.05.09"]
[EventType "swiss (blitz)"]
[EventRounds "11"]
[EventCountry "FRA"]
[SourceTitle "CBM 202 Extra"]
[Source "ChessBase"]
[SourceDate "2021.07.31"]
[SourceVersion "1"]
[SourceVersionDate "2021.07.31"]
[SourceQuality "1"]

1. d4 Nf6 2. c4 e6 3. Nf3 Bb4+ 4. Nbd2 b6 5. a3 Be7 6. e4 d6 7. Bd3 Nbd7 8. 0-0 e5 9. Re1 exd4 10. Nxd4 Bb7 11. Nf5 0-0 12. b4 Ne5 13. Bf1 Re8 14. Nxe7+ Qxe7 15. Bb2 Ng6 16. f3 Nh5 17. g3 Ne5 18. f4 Nxf4 19. gxf4 Ng6 20. Qg4 f5 21. exf5 Qxe1 22. Rxe1 Rxe1 23. fxg6 1-0

[Event "Avoine op 32nd"]
[Site "Avoine"]
[Date "2017.07.22"]
[Round "5"]
[White "Bressy, Theo"]
[Black "Pietrasanta, Jeremy"]
[Result "1/2-1/2"]
[WhiteElo "2031"]
[BlackElo "2234"]
[PlyCount "152"]
[EventDate "2017.07.22"]
[EventType "swiss"]
[EventRounds "9"]
[EventCountry "FRA"]
[SourceTitle "CBM 179 Extra"]
[Source "ChessBase"]
[SourceDate "2017.08.23"]
[SourceVersion "1"]
[SourceVersionDate "2017.08.23"]
[SourceQuality "1"]

1. e4 g6 2. d4 Bg7 3. Nc3 c6 4. Nf3 d6 5. Be3 Nf6 6. Qd2 Qa5 7. Bd3 Bg4 8. Nh4 Qh5 9. g3 Qa5 10. h3 Be6 11. g4 Nfd7 12. f4 Nb6 13. Nb1 Qxd2+ 14. Nxd2 d5 15. e5 Nc4 16. Nxc4 dxc4 17. Be4 Bd5 18. Bxd5 cxd5 19. f5 Nc6 20. 0-0-0 Kd7 21. Rhf1 b5 22. Ng2 Nd8 23. Rde1 Bf8 24. Bd2 a5 25. Rf3 b4 26. Ref1 Bg7 27. c3 Rb8 28. h4 h5 29. fxg6 fxg6 30. g5 bxc3 31. Bxc3 Ne6 32. Nf4 Nxf4 33. Rxf4 a4 34. Kc2 Ke6 35. Bd2 Rhf8 36. Rxf8 Bxf8 37. Rf3 Bg7 38. Kc3 Rb7 39. Be1 Rb8 40. Kc2 Rb7 41. Ra3 Ra7 42. Kd2 Rb7 43. Kc1 Ra7 44. Bb4 Ra8 45. Bc5 Rc8 46. Ba7 Kf5 47. Rxa4 Kg4 48. Ra6 Kxh4 49. Rxg6 Bh8 50. Re6 Kg3 51. Rxe7 h4 52. Rh7 h3 53. g6 Rg8 54. e6 Bf6 55. Bc5 Kg2 56. Bd6 Rxg6 57. e7 Bxe7 58. Bxe7 h2 59. Bc5 h1Q+ 60. Rxh1 Kxh1 61. Kc2 Kg2 62. Kc3 Ra6 63. a3 Kf3 64. b3 cxb3 65. Kxb3 Ke4 66. a4 Ra8 67. Bb6 Kf5 68. Kb4 Ke6 69. a5 Kd6 70. Kb5 Rc8 71. a6 Re8 72. Ba7 Ra8 73. Kb6 Rxa7 74. Kxa7 Kc7 75. Ka8 Kc8 76. a7 Kc7 1/2-1/2

[Event "Avoine op 32nd"]
[Site "Avoine"]
[Date "2017.07.22"]
[Round "3"]
[White "Manea, Alexandru"]
[Black "Pietrasanta, Jeremy"]
[Result "1-0"]
[WhiteElo "2414"]
[BlackElo "2234"]
[PlyCount "69"]
[EventDate "2017.07.22"]
[EventType "swiss"]
[EventRounds "9"]
[EventCountry "FRA"]
[SourceTitle "CBM 179 Extra"]
[Source "ChessBase"]
[SourceDate "2017.08.23"]
[SourceVersion "1"]
[SourceVersionDate "2017.08.23"]
[SourceQuality "1"]

1. e4 g6 2. d4 Bg7 3. Nc3 c6 4. Bc4 d6 5. Bb3 Nf6 6. f4 Na6 7. Nf3 Nc7 8. 0-0 Be6 9. e5 Nd7 10. Bxe6 Nxe6 11. exd6 exd6 12. d5 cxd5 13. Nxd5 Nb6 14. c3 0-0 15. Be3 Nc4 16. Qe2 Nxe3 17. Qxe3 Re8 18. Qd2 f5 19. Rfe1 Qd7 20. Nb4 Rad8 21. Qd5 Qf7 22. g3 h6 23. Rad1 Bf8 24. Kf1 Nc5 25. Qxf7+ Kxf7 26. Nd5 Rxe1+ 27. Rxe1 Ne4 28. Re2 Rc8 29. Nd2 Nc5 30. Nb3 Ne4 31. Kg2 Rc6 32. g4 Rc8 33. gxf5 gxf5 34. Nd4 Rc5 35. Ne3 1-0

[Event "Avoine op 29th"]
[Site "Avoine"]
[Date "2014.07.21"]
[Round "3"]
[White "Dupont, Arthur"]
[Black "Pietrasanta, Jeremy"]
[Result "0-1"]
[WhiteElo "1945"]
[BlackElo "2179"]
[PlyCount "66"]
[EventDate "2014.07.19"]
[EventType "swiss"]
[EventRounds "9"]
[EventCountry "FRA"]
[SourceTitle "CBM 161 Extra"]
[Source "ChessBase"]
[SourceDate "2014.08.29"]
[SourceVersion "1"]
[SourceVersionDate "2014.08.29"]
[SourceQuality "1"]

1. d4 Nf6 2. c4 g6 3. Nc3 Bg7 4. e4 d6 5. Nf3 0-0 6. Be2 c6 7. 0-0 a6 8. Be3 b5 9. cxb5 cxb5 10. b4 Bb7 11. Nd2 Nbd7 12. f3 Rc8 13. Rc1 Nb6 14. Nb3 Nfd7 15. Na5 Ba8 16. Qb3 d5 17. Nxd5 Bxd5 18. exd5 Nf6 19. Rxc8 Qxc8 20. d6 exd6 21. Rc1 Qd7 22. Rc6 Nfd5 23. Bf2 Rc8 24. Rxc8+ Qxc8 25. Bf1 Qc1 26. a3 Nc3 27. g3 Qd2 28. d5 Bd4 29. Bxd4 Qxd4+ 30. Kg2 Qd2+ 31. Kh3 Nbxd5 32. Nc6 Ne3 33. Nd8 d5 0-1

[Event "Paris-ch op-A 89th"]
[Site "Paris"]
[Date "2014.07.12"]
[Round "8"]
[White "Rabineau, Clement"]
[Black "Pietrasanta, Jeremy"]
[Result "1-0"]
[WhiteElo "2287"]
[BlackElo "2179"]
[PlyCount "135"]
[EventDate "2014.07.05"]
[EventType "swiss"]
[EventRounds "9"]
[EventCountry "FRA"]
[SourceTitle "EXT 2016"]
[Source "ChessBase"]
[SourceDate "2015.10.08"]
[SourceVersion "1"]
[SourceVersionDate "2015.10.08"]
[SourceQuality "1"]

1. d4 Nf6 2. Nc3 c5 3. d5 d6 4. e4 g6 5. f4 Bg7 6. Nf3 0-0 7. Bd3 b5 8. e5 Nfd7 9. Bxb5 dxe5 10. fxe5 Nxe5 11. Nxe5 Bxe5 12. Bh6 Bg7 13. Bxg7 Kxg7 14. Qd2 Qb6 15. 0-0-0 a6 16. Bc4 Nd7 17. Rhe1 Rb8 18. b3 Qf6 19. Rf1 Qd6 20. Ne4 Qe5 21. Qc3 Qxc3 22. Nxc3 Nb6 23. Rf4 Bb7 24. Re1 Rfe8 25. Rd1 Rbd8 26. g3 Rd7 27. Rf2 Nxc4 28. bxc4 a5 29. Na4 Rc7 30. Kb2 Ba6 31. Kc3 Rb8 32. a3 Bc8 33. d6 exd6 34. Rxd6 Bf5 35. Nb6 Rcb7 36. Na4 Rb1 37. Nxc5 Ra1 38. Na6 Rb7 39. c5 Rxa3+ 40. Kd4 Re7 41. c6 Bc8 42. Nc5 Ra1 43. Kc4 a4 44. c3 a3 45. Rd7 Bxd7 46. cxd7 Rd1 47. Kb4 Re5 48. c4 Rxc5 49. Kxc5 Rxd7 50. Ra2 Rd3 51. Kb4 Kf6 52. Rxa3 Rd2 53. h4 Ke5 54. Ra7 Rd3 55. Rxf7 h5 56. c5 Rxg3 57. c6 Rg1 58. Kc5 Rb1 59. c7 Rc1+ 60. Kb6 Ke6 61. Rg7 Rb1+ 62. Kc6 Rc1+ 63. Kb7 Rb1+ 64. Kc8 Rc1 65. Rxg6+ Ke7 66. Rg5 Kd6 67. Kd8 Rf1 68. Rg8 1-0

[Event "Avoine op 28th"]
[Site "Avoine"]
[Date "2013.07.20"]
[Round "1"]
[White "Savalle, Alexandre"]
[Black "Pietrasanta, Jeremy"]
[Result "0-1"]
[WhiteElo "2011"]
[BlackElo "2197"]
[PlyCount "98"]
[EventDate "2013.07.20"]
[EventType "swiss"]
[EventRounds "9"]
[EventCountry "FRA"]
[SourceTitle "CBM 155 Extra"]
[Source "ChessBase"]
[SourceDate "2013.08.26"]
[SourceVersion "1"]
[SourceVersionDate "2013.08.26"]
[SourceQuality "1"]

1. e4 g6 2. d4 Bg7 3. c4 d6 4. Nc3 Nd7 5. Be3 Ngf6 6. f3 c6 7. Qd2 a6 8. a4 a5 9. Rd1 0-0 10. e5 Ne8 11. f4 Qb6 12. Nf3 Qb4 13. Bd3 Nc7 14. 0-0 c5 15. exd6 exd6 16. Ne4 cxd4 17. Qxb4 axb4 18. Bxd4 Rxa4 19. Nxd6 Bxd4+ 20. Nxd4 Nc5 21. Nxc8 Rxc8 22. b3 Ra3 23. Bc2 Rd8 24. f5 Ra2 25. Rf2 Rxc2 26. Rxc2 Nxb3 27. Rb2 Rxd4 28. Rxd4 Nxd4 29. Rxb4 Nxf5 30. Rxb7 Ne6 31. Kf2 Nd6 32. Rb4 Kf8 33. Ke3 Ke7 34. g3 h5 35. Kd3 Kd7 36. Rb1 Kc6 37. Ra1 Kc5 38. Ra8 Ng5 39. Ra5+ Kb4 40. Rxg5 Nxc4 41. Kd4 Nd2 42. Kd5 Nf3 43. h4 Nxg5 44. hxg5 Kc3 45. Ke5 Kd3 46. Kf6 Ke4 47. Kxf7 Kf5 48. Kg7 Kxg5 49. Kh7 Kf5 0-1

[Event "FRA-ch Accession"]
[Site "Pau"]
[Date "2008.08.20"]
[Round "8"]
[White "Stephan, Victor"]
[Black "Pietrasanta, Jeremy"]
[Result "0-1"]
[WhiteElo "2152"]
[BlackElo "2301"]
[PlyCount "76"]
[EventDate "2008.08.11"]
[EventType "swiss"]
[EventRounds "9"]
[EventCountry "FRA"]
[SourceTitle "CBM 126 Extra"]
[Source "ChessBase"]
[SourceDate "2008.11.05"]
[SourceVersion "1"]
[SourceVersionDate "2008.11.05"]
[SourceQuality "1"]

1. Nf3 g6 2. c4 Bg7 3. Nc3 d6 4. d4 Nf6 5. e4 0-0 6. Be2 e5 7. dxe5 dxe5 8. Qxd8 Rxd8 9. Bg5 Na6 10. Nxe5 Re8 11. f4 h6 12. Bh4 g5 13. Bg3 Nc5 14. Bf3 gxf4 15. Bxf4 Rxe5 16. Bxe5 Nd3+ 17. Ke2 Nxe5 18. b3 c6 19. Rad1 Be6 20. Rd2 Bf8 21. Rhd1 Nfd7 22. h3 Bb4 23. Rc2 a5 24. Nd5 Nc5 25. Nxb4 axb4 26. Rcd2 Kg7 27. Ke3 Kf6 28. Rf1 Ke7 29. Bh5 Bxc4 30. Rc1 b5 31. bxc4 Nxc4+ 32. Rxc4 bxc4 33. Be2 c3 34. Rc2 Kd6 35. Kd4 Ne6+ 36. Kc4 c5 37. Bd3 Nd4 38. Rf2 c2 0-1

[Event "FRA-ch Accession"]
[Site "Pau"]
[Date "2008.08.19"]
[Round "7"]
[White "Frederic, Clement"]
[Black "Pietrasanta, Jeremy"]
[Result "1-0"]
[WhiteElo "2209"]
[BlackElo "2301"]
[PlyCount "83"]
[EventDate "2008.08.11"]
[EventType "swiss"]
[EventRounds "9"]
[EventCountry "FRA"]
[SourceTitle "CBM 126 Extra"]
[Source "ChessBase"]
[SourceDate "2008.11.05"]
[SourceVersion "1"]
[SourceVersionDate "2008.11.05"]
[SourceQuality "1"]

1. e4 g6 2. d4 Bg7 3. Nc3 c6 4. Bc4 d6 5. Qf3 e6 6. Nge2 Nd7 7. Bb3 Qe7 8. 0-0 e5 9. Bg5 Ngf6 10. Rad1 h6 11. Bh4 0-0 12. Qe3 Re8 13. f4 exd4 14. Qxd4 Kh7 15. Ng3 b5 16. Qxd6 Qxd6 17. Rxd6 b4 18. Nb1 Nxe4 19. Nxe4 Rxe4 20. Bxf7 Nf8 21. Rxc6 Re2 22. Bc4 Re8 23. Re1 Bf5 24. Bb3 a5 25. Rxe8 Rxe8 26. Rc7 Kh8 27. Nd2 Bxb2 28. Re7 Rc8 29. Ne4 Bd4+ 30. Kf1 g5 31. Nd6 gxh4 32. Nxf5 Bc5 33. Re4 Ng6 34. Nxh6 Rf8 35. g3 Kg7 36. Ng4 Rd8 37. Ke2 h3 38. f5 Nf8 39. Rc4 Bg1 40. Rc7+ Kh8 41. Rc6 Kg7 42. Rh6 1-0

[Event "FRA-chT Top 16 Gp Basse"]
[Site "Evry"]
[Date "2008.06.01"]
[Round "11"]
[White "Heinz, Timothee"]
[Black "Pietrasanta, Jeremy"]
[Result "1-0"]
[WhiteElo "2304"]
[BlackElo "2280"]
[PlyCount "81"]
[EventDate "2008.05.29"]
[EventType "team"]
[EventRounds "11"]
[EventCountry "FRA"]
[SourceTitle "CBM 124 Extra"]
[Source "ChessBase"]
[SourceDate "2008.07.03"]
[SourceVersion "1"]
[SourceVersionDate "2008.07.03"]
[SourceQuality "1"]

1. d4 g6 2. c4 Bg7 3. e4 d6 4. Nf3 Nd7 5. Nc3 c6 6. Be2 a6 7. 0-0 b5 8. a3 Bb7 9. Bg5 h6 10. Be3 e6 11. Rc1 Ne7 12. Qd2 g5 13. c5 dxc5 14. dxc5 Ng6 15. b4 Nf6 16. Nd4 Qc7 17. Nb3 Rd8 18. Qc2 Ne5 19. f3 Nh5 20. g3 Ng6 21. f4 gxf4 22. Bxh5 fxe3 23. Bxg6 fxg6 24. e5 Rd7 25. Ne4 Bxe5 26. Nd6+ Kd8 27. Qxg6 e2 28. Rfe1 Rg7 29. Qxe6 Re7 30. Qg6 Rg7 31. Qd3 Rd7 32. Na5 Bc8 33. Qe4 Bxd6 34. Nxc6+ Qxc6 35. Qxc6 Be5 36. Qb6+ Rc7 37. Rxe2 Bd4+ 38. Kf1 Bh3+ 39. Ke1 Kc8 40. Qxa6+ Kb8 41. Qxb5+ 1-0

[Event "FRA-chT Top 16 GpA"]
[Site "France"]
[Date "2008.04.12"]
[Round "6"]
[White "Poisson, Olivier"]
[Black "Pietrasanta, Jeremy"]
[Result "0-1"]
[WhiteElo "2148"]
[BlackElo "2268"]
[PlyCount "65"]
[EventDate "2008.03.22"]
[EventType "team"]
[EventRounds "7"]
[EventCountry "FRA"]
[SourceTitle "CBM 123 Extra"]
[Source "ChessBase"]
[SourceDate "2008.05.06"]
[SourceVersion "1"]
[SourceVersionDate "2008.05.06"]
[SourceQuality "1"]

1. d4 Nf6 2. c4 e6 3. g3 Bb4+ 4. Nd2 Nc6 5. Ngf3 d6 6. Bg2 e5 7. d5 Bxd2+ 8. Bxd2 Ne7 9. b4 0-0 10. 0-0 Ne4 11. Be1 f5 12. Qc2 g5 13. Nd2 Nf6 14. a4 Qe8 15. f3 h5 16. h3 g4 17. Ra3 Ng6 18. fxg4 hxg4 19. Rxf5 Bxf5 20. Qxf5 gxh3 21. Bxh3 Kg7 22. Qg5 Nh7 23. Qe3 Ne7 24. Ne4 Qh5 25. g4 Qh6 26. Qg3 Ng5 27. Bg2 Nxe4 28. Bxe4 Qf4 29. Qg2 Qc1 30. Qg3 Rf4 31. Qh4 Rh8 32. Qxe7+ Rf7 33. Qxf7+ 0-1

[Event "FRA-chT2 North 0607"]
[Site "France"]
[Date "2006.11.25"]
[Round "2.4"]
[White "Marechal, Andy"]
[Black "Pietrasanta, Jeremy"]
[Result "1/2-1/2"]
[WhiteElo "2304"]
[BlackElo "2222"]
[PlyCount "179"]
[EventDate "2006.10.15"]
[EventType "team"]
[EventRounds "11"]
[EventCountry "FRA"]
[SourceTitle "EXT 2008"]
[Source "ChessBase"]
[SourceDate "2007.11.25"]
[SourceVersion "1"]
[SourceVersionDate "2007.11.25"]
[SourceQuality "1"]
[WhiteTeam "Chalons en Champagne"]
[BlackTeam "Bois Colombes II"]
[WhiteTeamCountry "FRA"]
[BlackTeamCountry "FRA"]

1. e4 g6 2. d4 Bg7 3. Nc3 c6 4. Bc4 d6 5. Qf3 e6 6. Nge2 b5 7. Bb3 a6 8. a4 Bb7 9. 0-0 Nd7 10. d5 cxd5 11. exd5 b4 12. Ne4 Ne5 13. Qg3 exd5 14. Ng5 Nf6 15. f4 Ne4 16. f5 h6 17. Nf3 Nc4 18. Qe1 Qb6+ 19. Kh1 0-0-0 20. fxg6 fxg6 21. Nf4 Rde8 22. a5 Qc7 23. Qxb4 g5 24. Nh5 g4 25. Ne1 Rhf8 26. Bf4 Ne3 27. Nd3 Nxf1 28. Rxf1 Be5 29. Ng3 Bxf4 30. Nxf4 Qc5 31. Qe1 Nxg3+ 32. Qxg3 h5 33. Rd1 Re3 34. Nd3 Rxg3 35. Nxc5 Re3 36. Nxb7 Kxb7 37. Bxd5+ Kc7 38. Bc4 Rfe8 39. Kg1 Re1+ 40. Rxe1 Rxe1+ 41. Kf2 Ra1 42. b4 Rb1 43. Bxa6 Rxb4 44. Bd3 h4 45. Ke3 d5 46. a6 Ra4 47. h3 g3 48. Kf3 Kd6 49. Ke3 Ke5 50. Bb5 Ra5 51. Bd3 Ra3 52. Kf3 Ra4 53. Ke3 Rf4 54. Be2 Rf7 55. Bb5 Kd6 56. Be2 Kc5 57. Bf3 Rf6 58. Be2 Kb6 59. c3 Rf2 60. a7 Kxa7 61. Bf3 Kb6 62. Bxd5 Kc5 63. c4 Kd6 64. Kd4 Rf4+ 65. Ke3 Ke5 66. Kd3 Rf2 67. Ke3 Ra2 68. Kd3 Kf5 69. Be4+ Kg5 70. Ke3 Ra3+ 71. Kd4 Kf4 72. Bd5 Ra1 73. Bf3 Ra2 74. Bb7 Rd2+ 75. Kc3 Ke3 76. c5 Rd1 77. Kc4 Rc1+ 78. Kd5 Rc2 79. Kd6 Kd4 80. c6 Rxg2 81. c7 Rc2 82. Bc6 g2 83. Bxg2 Rxc7 84. Kxc7 Ke5 85. Kd7 Kf6 86. Kd6 Kg5 87. Ke7 Kg6 88. Kf8 Kh7 89. Be4+ Kh8 90. Bf5 1/2-1/2

[Event "FRA-chT2 North 0607"]
[Site "France"]
[Date "2006.10.15"]
[Round "1.1"]
[White "Saiboulatov, Danial"]
[Black "Pietrasanta, Jeremy"]
[Result "0-1"]
[WhiteElo "2427"]
[BlackElo "2222"]
[PlyCount "70"]
[EventDate "2006.10.15"]
[EventType "team"]
[EventRounds "11"]
[EventCountry "FRA"]
[SourceTitle "EXT 2008"]
[Source "ChessBase"]
[SourceDate "2007.11.25"]
[SourceVersion "1"]
[SourceVersionDate "2007.11.25"]
[SourceQuality "1"]
[WhiteTeam "Arras"]
[BlackTeam "Bois Colombes II"]
[WhiteTeamCountry "FRA"]
[BlackTeamCountry "FRA"]

1. e4 g6 2. d4 Bg7 3. Nc3 c6 4. h3 d6 5. Nge2 Nd7 6. g4 e5 7. Bg2 Ne7 8. Be3 f5 9. gxf5 gxf5 10. dxe5 dxe5 11. Bg5 f4 12. Qd6 Nf8 13. Qxd8+ Kxd8 14. 0-0-0+ Ke8 15. Bf3 h5 16. Rhg1 Ne6 17. h4 Kf7 18. Na4 Ng6 19. Rh1 Bf8 20. Rd2 b5 21. Nac3 Bc5 22. Nd1 Nxg5 23. hxg5 h4 24. Kb1 h3 25. Nc1 Be6 26. Nb3 Be7 27. Nc3 a5 28. a4 b4 29. Nd5 cxd5 30. exd5 Bf5 31. d6 e4 32. Be2 f3 33. Bxf3 exf3 34. Rd4 Bxg5 35. Rd5 Be4 0-1

[Event "Bois Colombes op 2nd"]
[Site "Bois Colombes"]
[Date "2005.12.25"]
[Round "5"]
[White "Laurent, Julien G"]
[Black "Pietrasanta, Jeremy"]
[Result "0-1"]
[WhiteElo "2240"]
[BlackElo "2167"]
[PlyCount "74"]
[EventDate "2005.12.21"]
[EventType "swiss"]
[EventRounds "6"]
[EventCountry "FRA"]
[SourceTitle "EXT 2007"]
[Source "ChessBase"]
[SourceDate "2006.11.23"]
[SourceVersion "1"]
[SourceVersionDate "2006.11.23"]
[SourceQuality "1"]

1. Nf3 c6 2. c4 g6 3. d4 Bg7 4. e4 Na6 5. Nc3 Nc7 6. Bf4 d6 7. h3 a6 8. a4 a5 9. Qd2 Ne6 10. Be3 Nf6 11. Be2 0-0 12. 0-0 Qb6 13. Ng5 Qb4 14. Nxe6 Bxe6 15. d5 Bc8 16. Qc2 Nd7 17. Ra3 Nc5 18. Rb1 f5 19. Na2 Qb6 20. b4 axb4 21. Nxb4 Qc7 22. dxc6 bxc6 23. exf5 Bxf5 24. Nd3 Ne6 25. Rd1 Nd4 26. Qa2 c5 27. Bg4 Bxg4 28. hxg4 Qd7 29. f3 Qe6 30. Nf2 Rab8 31. Kf1 Rb4 32. a5 Nxf3 33. gxf3 Rb2 34. Qa1 Rxf2+ 35. Kxf2 Bxa1 36. Rdxa1 Qxg4 37. Bd2 Rxf3+ 0-1

[Event "Bois Colombes op 2nd"]
[Site "Bois Colombes"]
[Date "2005.12.22"]
[Round "2"]
[White "Pietrasanta, Jeremy"]
[Black "Gnininvi, Ephrem"]
[Result "1-0"]
[WhiteElo "2167"]
[BlackElo "2052"]
[PlyCount "37"]
[EventDate "2005.12.21"]
[EventType "swiss"]
[EventRounds "6"]
[EventCountry "FRA"]
[SourceTitle "EXT 2007"]
[Source "ChessBase"]
[SourceDate "2006.11.23"]
[SourceVersion "1"]
[SourceVersionDate "2006.11.23"]
[SourceQuality "1"]

1. e4 e5 2. Bc4 Nf6 3. Qe2 Bc5 4. Nf3 d6 5. c3 0-0 6. d3 c6 7. Nbd2 Be6 8. Bxe6 fxe6 9. d4 exd4 10. cxd4 Bb6 11. 0-0 d5 12. e5 Nh5 13. Nb3 Nf4 14. Bxf4 Rxf4 15. Qe3 g5 16. h4 h6 17. hxg5 hxg5 18. g3 Rf5 19. Kg2 1-0